01001nam a2200253 i 4500001000700000003000900007005001700016007000300033008004100036020001800077080002300095245012900118260003700247300002200284490006100306500004300367500001200410651005000422700003200472830006900504852003300573999001900606952012200625128132ES-MaACL20230906193154.0t|070622s1988 fr ||||1| fre d a2-200-37148-9 a008(44)"1789-1799"03aLa carmagnole des muses b: l'homme de lettres & l'artiste dans la révolution / csous la direction de Jean-claude Bonnet. aParis : bArmand Colin, c[1988] a425 p. ; c24 cm.1 aLibrairie du bicentenaire de la révolution française aBiblioteca Jacinto Martínez Lacalle. aIndice. aFrancia-xVida intelectual-yS.XVIII.91724651 aBonnet, Jean-Claude.9302650 aLibrairie du bicentenaire de la révolution française9177526 aES-MaACLjE-11802 bR.139921 c128132d128132 00104070aATENEOMbATENEOMcDEPO2d2008-01-17eSCl0oE-11802p1133458r2023-02-23 00:00:00w2023-02-23yMONOGRAFIA